Top 100 Countries in Terms of GDP Per Capita - Statistics

General Stats
  • This quiz has been taken 442 times
  • The average score is 77 of 100
Answer Stats
GDP Per Capita Country % Correct
$63,593 United States
96%
$41,059 United Kingdom
95%
$43,294 Canada
93%
$67,329 Norway
93%
$48,744 Finland
92%
$40,193 Japan
91%
$116.014 Luxembourg
91%
$173,688 Monaco
91%
$52,274 Sweden
91%
$51,692 Australia
90%
$39,030 France
90%
$50,124 Qatar
90%
$31,631 South Korea
90%
$27,063 Spain
90%
$87,097 Switzerland
90%
$6,796 Brazil
89%
$10,434 China
89%
$61,063 Denmark
89%
$46,208 Germany
89%
$17,622 Greece
89%
$85,267 Ireland
89%
$175,813 Liechtenstein
89%
$15,720 Poland
89%
$10,126 Russia
89%
$59,797 Singapore
88%
$22,176 Portugal
87%
$8,579 Argentina
86%
$48,586 Austria
86%
$23,027 Estonia
86%
$17,726 Latvia
86%
$52,397 Netherlands
86%
$41,441 New Zealand
86%
$36,284 United Arab Emirates
86%
$40,897 Andorra
85%
$45,159 Belgium
85%
$59,270 Iceland
85%
$31,714 Italy
85%
$20,233 Lithuania
85%
$44,168 Israel
84%
$8,329 Mexico
84%
$47,731 San Marino
84%
$20,110 Saudi Arabia
84%
$25,517 Slovenia
84%
$8,536 Turkey
84%
$13,231 Chile
83%
$24,811 Kuwait
83%
$12,896 Romania
83%
$7,720 Serbia
83%
$20,409 Bahrain
82%
$14,134 Croatia
82%
$22,931 Czech Republic
82%
$19,266 Slovakia
82%
$15,980 Hungary
81%
$5,334 Colombia
80%
$6,126 Peru
79%
$10,079 Bulgaria
78%
$14,485 Oman
78%
$15,438 Uruguay
77%
$5,246 Albania
76%
$6,079 Bosnia and Herzegovina
76%
$27,884 Malta
76%
$12,509 Panama
76%
$5,655 South Africa
75%
$12,140 Costa Rica
74%
$7,186 Thailand
74%
$10,412 Malaysia
73%
$7,677 Montenegro
72%
$25,194 Bahamas
71%
$5,917 North Macedonia
70%
$5,001 Paraguay
70%
$6,424 Belarus
69%
$27,442 Brunei
69%
$27,527 Cyprus
69%
$9,122 Kazakhstan
69%
$10,764 Seychelles
69%
$7,268 Dominican Republic
68%
$5,600 Ecuador
68%
$9,477 Cuba
67%
$7,003 Dominica
67%
$18,437 St. Kitts and Nevis
66%
$8,804 St. Lucia
65%
$15,373 Barbados
63%
$6,955 Guyana
62%
$4,664 Jamaica
62%
$7,278 St. Vincent and the Grenadines
62%
$15,425 Trinidad and Tobago
61%
$5,057 Fiji
60%
$4,916 Suriname
60%
$16,055 Venezuela
59%
$13,992 Antigua and Barbuda
57%
$6,924 Maldives
57%
$8,627 Mauritius
57%
$9,261 Grenada
54%
$4,649 Lebanon
53%
$14,243 Palau
46%
$7,612 Turkmenistan
46%
$6,404 Botswana
45%
$7,143 Equatorial Guinea
43%
$10,580 Nauru
43%
$6,881 Gabon
33%
No matching quizzes found
Score Distribution
Percent of People with Each Score
Percentile by Number Answered
Your Score History
You have not taken this quiz